Villes des clubs des 5 grands championnats sur une carte - Statistiques

Statistiques générales
  • Ce quiz a été pris 180 fois
    146 depuis la dernière actualisation
  • Le résultat moyen est 50 sur 77
Réponses sur la Carte
Les réponses sont colorées sur une échelle allant du rouge au vert en fonction du pourcentage des utilisateurs qui les ont devinées à leur premier essai. Vous pouvez retrouver ces pourcentages ci-dessous.
 
Statistiques - réponses
Ligue Villes % Correct
Ligue 1 Paris
98%
Ligue 1 Marseille
97%
La Liga Barcelone
95%
Ligue 1 Brest
95%
Ligue 1 Lille
95%
Premier League Londres
95%
Ligue 1 Lyon
95%
La Liga Madrid
95%
Premier League Manchester
95%
Ligue 1 Nice
95%
Ligue 1 Rennes
95%
Ligue 1 Nantes
94%
Ligue 1 Strasbourg
92%
Ligue 1 Toulouse
92%
Ligue 1 Lens
91%
Ligue 1 Monaco
91%
Bundesliga Munich
91%
Serie A Rome
91%
Serie A Turin
91%
Serie A Milan
89%
Premier League Liverpool
88%
Ligue 1 Le Havre
87%
Bundesliga Berlin
86%
Ligue 1 Metz
86%
Ligue 1 Angers
85%
La Liga Séville
85%
Ligue 1 Lorient
84%
Serie A Naples
84%
La Liga Bilbao
81%
Bundesliga Dortmund
80%
La Liga Valence
80%
Ligue 1 Auxerre
77%
Bundesliga Hambourg
73%
Premier League Birmingham
69%
Bundesliga Leipzig
67%
Bundesliga Francfort-sur-le-Main
66%
Premier League Newcastle
66%
Premier League Brighton
64%
Bundesliga Cologne
62%
Serie A Florence
62%
Premier League Leeds
62%
Bundesliga Stuttgart
62%
La Liga Palma
61%
La Liga Saint-Sébastien
60%
Serie A Gênes
59%
Serie A Bergame
58%
Serie A Côme
57%
Serie A Cagliari
56%
La Liga Gérone
56%
Bundesliga Brême
55%
Serie A Bologne
51%
Bundesliga Fribourg-en-Brisgau
50%
Bundesliga Leverkusen
50%
Premier League Sunderland
49%
Serie A Udine
48%
Premier League Nottingham
47%
Serie A Pise
47%
Serie A Parme
45%
Serie A Vérone
45%
La Liga Vigo
45%
Premier League Wolverhampton
44%
Bundesliga Mayence
42%
Bundesliga Augsbourg
41%
Premier League Bournemouth
41%
Serie A Lecce
41%
Bundesliga Wolfsburg
41%
La Liga Oviedo
38%
Serie A Sassuolo
36%
Bundesliga Mönchengladbach
35%
La Liga Pampelune
33%
Bundesliga Sinsheim
33%
Premier League Burnley
32%
La Liga Elche
31%
Serie A Crémone
28%
La Liga Vila-real
27%
Bundesliga Heidenheim an der Brenz
25%
La Liga Vitoria-Gasteiz
14%
Aucun quiz correspondant
Distribution des résultats
% des personnes avec chaque résultat
Percentile par nombre de réponses
Votre historique - résultats
Vous n’avez pas pris ce quiz depuis la dernière actualisation